01539nam a2200373 a 45000010008000000030004000080050017000120080041000290100017000700200022000870400027001090430030001360500023001660820016001891000026002052450111002312500012003422600063003543000029004175000049004465000020004955040026005156510028005416510030005697000044005997000026006437000053006699060045007229420013007679990015007809520122007959520124009179520124010411450495OSt20170822174838.0850712s1984 enka b 001 0 eng  a 85178394  a0582651115 (pbk.) aDLCcBSUdDLCbEnglish af-mw---af-sa---af-rh---00aDT853.5b.N44 198500a976 NEE2191 aNeedham, D. E.91047510aFrom iron age to independence :ba history of Central Africa /cD.E. Needham, E.K. Mashingaidze, N. Bhebe. aNew ed. aHarlow, Essex, England :bLongman,cc1984g(1985 printing) a208 p. :bill. ;c24 cm. aRev. ed. of: Iron age of independence. 1974. aIncludes index. aBibliography: p. 205. 0aMalawixHistory.910476 0aZimbabwexHistory.9104771 aMashingaidze, E. K.q(Elleck K.)9104781 aBhebe, Ngwabi.9104791 aNeedham, D. E.tIron age to independence.910480 a7bcbccorignewd3encipf19gy-gencatlg 2ddccRES c4941d4941 00102ddc40708NFICabsubbsucRESd2005-05-23ePurchasedl0o976 NEEp068r2013-05-23 00:00:00t1w2013-05-23yRES 00102ddc40708NFICabsubbsucRESd2017-05-30ePurchasedl0o976 NEEp31015r2017-05-30 00:00:00t2w2017-05-30yRES 00102ddc40708NFICabsubbsucRESd2017-05-30ePurchasedl0o976 NEEp31016r2017-05-30 00:00:00t3w2017-05-30yRES